| 000 | 00653nam a2200241Ia 4500 | ||
|---|---|---|---|
| 003 | OSt | ||
| 005 | 20221007072533.0 | ||
| 006 | a|||||r|||| 00| 0 | ||
| 007 | ta | ||
| 008 | 221006b |||||||| |||| 00| 0 eng d | ||
| 024 | _a24,839 | ||
| 037 | _cTextual | ||
| 040 |
_aFLL _cFLL _beng |
||
| 041 |
_2eng _aeng |
||
| 082 | _aZ3:186, J9 | ||
| 100 |
_aSheridan L. A. _9690157 |
||
| 245 | 0 | _aCy-pres doctrine | |
| 260 |
_aLondon _bSweet & Maxwell Limited UK _c1959 |
||
| 300 |
_axxxvi,166p _ccm. |
||
| 700 |
_a Delany V. T. H. _9690887 |
||
| 942 |
_hZ3:186, J9 _cTEXL _2CC |
||
| 999 |
_c1146350 _d1146350 |
||